00550nam a22001457a 4500003000400000005001700004008004100021040001400062100002400076245012800100260000900228300003000237500010400267504003300371OSt20171010095517.0120815t xxu||||| |||| 00| 0 eng d aMMSUcULS aWingco, Teresita A. aJob stress and administrative behavior in the society of the Divine Word higher education institutions cTeresita A. Wingco c2001 axxii, 189 leaves c28 cm. aThesis Ed.D. Educational Management) --Mariano Marcos State University-Graduate School, Laoag City  aBibliography: leaves 137-142